<?xml version="1.0" encoding="UTF-8"?>
<collection xmlns="http://www.loc.gov/MARC21/slim">
 <record>
  <leader>01746nam a2200217Ia 4500</leader>
  <controlfield tag="001">CTU_206909</controlfield>
  <controlfield tag="008">210402s9999    xx            000 0 und d</controlfield>
  <datafield tag="020" ind1=" " ind2=" ">
   <subfield code="c">4.65</subfield>
  </datafield>
  <datafield tag="082" ind1=" " ind2=" ">
   <subfield code="a">658.4038</subfield>
  </datafield>
  <datafield tag="082" ind1=" " ind2=" ">
   <subfield code="b">S759</subfield>
  </datafield>
  <datafield tag="100" ind1=" " ind2=" ">
   <subfield code="a">Spira, Jonathan B.</subfield>
  </datafield>
  <datafield tag="245" ind1=" " ind2="0">
   <subfield code="a">Overload! :</subfield>
  </datafield>
  <datafield tag="245" ind1=" " ind2="0">
   <subfield code="b">How Too Much Information is Hazardous to your Organization</subfield>
  </datafield>
  <datafield tag="245" ind1=" " ind2="0">
   <subfield code="c">Jonathan B. Spira</subfield>
  </datafield>
  <datafield tag="260" ind1=" " ind2=" ">
   <subfield code="a">Hoboken, New Jersey</subfield>
  </datafield>
  <datafield tag="260" ind1=" " ind2=" ">
   <subfield code="b">John Wiley &amp; Sons, Inc.</subfield>
  </datafield>
  <datafield tag="260" ind1=" " ind2=" ">
   <subfield code="c">2011</subfield>
  </datafield>
  <datafield tag="520" ind1=" " ind2=" ">
   <subfield code="a">This groundbreaking book reveals how different kinds of information overload impacts workers and businesses as a whole. It helps businesses get a grip on the financial costs of e-mail overload and interruptions and how working in an information overloaded environment impacts employee production, efficiency, and moral. The book then shows how to fight information overload, including some interesting cases is what companies like IBM, Morgan Stanley, and Intel are doing about it. Chapter contents follow: Chapter 1 Information Revolutions from Papyrus to e-Readers, Chapter 2 The Shift Occurs: The Construction of an Information Society, Chapter 3 Where Information Comes From, Chapter 4 What We do with Information, Chapter 5 What Too much Information is Doing, Chapter 6 Fighting Back, Chapter 7 Managing Information and Maintaining Sanity, Chapter 8 Enterprise of the Future: The All-Informed Organization. Author also wants to provide interactive content through a URL where readers can quiz themselves on their information overload quotient</subfield>
  </datafield>
  <datafield tag="650" ind1=" " ind2=" ">
   <subfield code="a">Knowledge management,Information resources management,Kiến thức quản lý,Quản lý tài nguyên thông tin</subfield>
  </datafield>
  <datafield tag="904" ind1=" " ind2=" ">
   <subfield code="i">Hải</subfield>
  </datafield>
  <datafield tag="980" ind1=" " ind2=" ">
   <subfield code="a">Trung tâm Học liệu Trường Đại học Cần Thơ</subfield>
  </datafield>
 </record>
</collection>
